NFL/College Teams Starting Lineups - Los Angeles Rams - Statistics

General Stats
  • This quiz has been taken 15 times
  • The average score is 15 of 23
Answer Stats
POS Player Answer % Correct
WR Puka Nacua BYU
100%
QB Matthew Stafford Georgia
100%
RT Warren McClendon Jr. Georgia
100%
RDE Braden Fiske Florida State
93%
SLB Jared Verse Florida State
93%
WR Jordan Whittington Texas
86%
NT Poona Ford Texas
86%
C Coleman Shelton Washington
86%
CB Trent McDuffie Washington
86%
WR Davante Adams Fresno State
71%
SS Kamren Kinchens Miami
71%
RB Kyren Williams Notre Dame
71%
NB Quentin Lake UCLA
71%
FS Kam Curl Arkansas
64%
R-ILB Omar Speights LSU
64%
WLB Byron Young Tennessee
64%
LG Steve Avila TCU
57%
TE Colby Parkinson Stanford
43%
L-ILB Nate Landman Colorado
36%
CB Jaylen Watson Washington State
36%
LDE Kobie Turner Wake Forest
29%
LT Alaric Jackson Iowa
21%
RG Kevin Dotson Louisiana
14%
No matching quizzes found
Score Distribution
Percent of People with Each Score
Percentile by Number Answered
Your Score History
You have not taken this quiz